000
00256nam a22000857a 4500
999
_c
11686
_d
11686
008
191129b ||||| |||| 00| 0 eng d
020
_a
0800751167
100
_9
7385
_a
Watson, Jean
245
_a
Watchmaker's daughter : the life of Corrie ten Boom for young people